AT40 (05/13/2023) with Total Spotify Streams - Statistics

General Stats
  • This quiz has been taken 3 times
  • The average score is 4 of 40
Answer Stats
Artist(s) Title Total Spotify Streams as of 5/12/23 % Correct
Miley Cyrus Flowers 1B
100%
David Guetta / Bebe Rexha I'm Good 944.1M
67%
SZA Kill Bill 916.3M
67%
Taylor Swift Anti-Hero 822.5M
33%
Rema / Selena Gomez Calm Down 708.2M
33%
Metro Boomin / The Weeknd / 21 Savage Creepin' 659.8M
33%
RAYE / 070 Shake Escapism. 435.8M
33%
Meghan Trainor Mother 38M
33%
Taylor Swift All Of The Girls You Loved Before 111.5M
0%
David Guetta / Anne-Marie / Coi Leray Baby Don't Hurt Me 45.8M
0%
Lady Gaga Bloody Mary 321.9M
0%
PinkPantheress Boy's a liar 134.6M
0%
Zara Larsson Can't Tame Her 47.6M
0%
Post Malone Chemical 65.4M
0%
Jax Cinderella Snapped 7.5M
0%
The Weeknd Die For You 1.5B
0%
The Weeknd / Future Double Fantasy 46.6M
0%
Ed Sheeran Eyes Closed 96M
0%
Toosii Favorite Song 60.9M
0%
NF HAPPY 26.9M
0%
Niall Horan Heaven 103.4M
0%
Post Malone / Doja Cat I Like You 544M
0%
Miley Cyrus Jaded 53.4M
0%
Morgan Wallen Last Night 255.8M
0%
Taylor Swift Lavender Haze 405.3M
0%
XG LEFT RIGHT 46.2M
0%
Latto / LU KALA Lottery 21.9M
0%
The Kid LAROI Love Again 120.9M
0%
Meghan Trainor Made You Look 437.5M
0%
Macklemore / Collett NO BAD DAYS 12.7M
0%
Sabrina Carpenter Nonsense 248M
0%
Coi Leray Players 250.6M
0%
Lizzo / SZA Special 36.3M
0%
Nicki Minaj Super Freaky Girl 392.6M
0%
Miguel Sure Thing 855.3M
0%
Kane Brown / Katelyn Brown Thank God 76.2M
0%
P!nk TRUSTFALL 85.4M
0%
Chris Brown Under The Influence 830.3M
0%
Sam Smith / Kim Petras Unholy 1.1B
0%
Jonas Brothers Waffle House 19.7M
0%
No matching quizzes found
Score Distribution
Percent of People with Each Score
Percentile by Number Answered
Your Score History
You have not taken this quiz